Statystyki dla Quiz o Dębnie zachodniopomorskim

Kliknij tutaj aby rozwiązać quiz!

Ogólne statystyki

  • Ten quiz został rozwiązany 4 razy
  • Średni wynik to 4 z 10

Statystyki odpowiedzi

ZagadnienieOdpowiedź% Poprawnych
Ile razy Dębno zostało prawie całkowicie zniszczone ?3
100%
Liczba mieszkańców (Grudzień 2022 r.)12 368
67%
W którym roku liczba mieszkańców wynosiła najwięcej1996 r.
67%
Kiedy Dębno dostało prawa miejskie ?1570 r.
33%
Jaką powierzchnie ma Dębno ?19,51 km²
33%
Kiedy odbył się pierwszy maraton w Dębnie ?1973 r.
33%
Ile budynków znajduje się w Dębnie4454
33%
Jaka była pierwsza nazwa Dębna ?Damme
33%
Kiedy Powstało Dębno ?1232 r.
0%
Jaka była pierwsza polska nazwa Dębna ?Dąb Nowy
0%

Rozkład punktacji

Percentyl według liczby udzielonych odpowiedzi

Procent ludzi z każdym wynikiem

Twoja historia wyników

Nie rozwiązałeś tego quizu